Saraswathi
| Main Author: | |
|---|---|
| Format: | Book |
| Published: |
Kuala Lumpur :
Utusan Publications & Distrubutors Sdn.Bhd. ,
1993
|
| Subjects: |
MARC
| LEADER | 00000cam a2200000 7i4500 | ||
|---|---|---|---|
| 001 | 0000000302 | ||
| 002 | 000000377 | ||
| 005 | 20001113.0 | ||
| 020 | |a 9676103497 | ||
| 090 | 0 | 0 | |a F |b MAZ |
| 100 | 0 | |a Maznan Noordin | |
| 245 | 1 | 0 | |a Saraswathi |c Maznan Nordin |
| 260 | |a Kuala Lumpur : |b Utusan Publications & Distrubutors Sdn.Bhd. , |c 1993 | ||
| 300 | |a 140 p. ; |c 18 cm. | ||
| 650 | 0 | 0 | |a General fiction, Malay |
| 999 | |a 029450 |b BUKU |c FICTION |e PERPUSTAKAAN KOMUNITI PETALING JAYA | ||